| 000 | 00482 a2200145 4500 | ||
|---|---|---|---|
| 020 | _a8131501507 (paperback) | ||
| 020 | _a9788131501504 (paperback) | ||
| 090 |
_c5389 _d5389 |
||
| 100 | 1 | _aGregory, Mankiw. | |
| 245 | 1 | 0 |
_aPrinciples of macroeconomics / _cMankiw Gregory. |
| 260 |
_a[S.l.] : _bThomson Press (India) Ltd, _c2007. |
||
| 300 |
_a583 p. ; _c24 cm. |
||
| 856 | 4 | 0 |
_3Amazon.com _uhttp://www.amazon.com/exec/obidos/ASIN/8131501507/chopaconline-20 |
| 942 |
_aNBS _cBK _k339 MAN |
||
| 999 |
_c347799 _d347799 |
||